000
00252nam a22001097a 4500
082
_a
621.388 TEC'H
100
_a
HOWARD W SAMS
_9
5628
245
_a
TV HOME CALL SERVICE GUIDE
260
_a
NEWYORK
_b
HOWARD W. SAMS
_c
1963
300
_a
192P
942
_c
BK
999
_c
585068
_d
585068